Курс теоретической механики: в 2 т.; Т. 1: Статика и кинематика; Т. 2: Динамика

Opis bibliograficzny
1. autor: Бутенин Н. В. Николай Васильевич
Kolejni autorzy: Лунц Я. Л. Яков Львович, Меркин Д. Р. Давид Рахмильевич
Streszczenie:Оба тома объединены в одной книге.
Предлагаемый читателям «Курс теоретической механики» Н. В. Бутенина, Я. Л. Лунца и Д. Р. Меркина, издававшийся в двух томах, объединен в одной книге. На этом курсе выросло не одно поколение инженеров самых различных специальностей — механиков, машиностроителей, энергомашиностроителей, гидростроителей и др. Весьма умеренный математический аппарат в сочетании со многими методическими примерами и задачами, взятыми из практики, делают этот курс доступным для широкого круга студентов и полезным пособием для преподавателей теоретической механики. Содержание курса шире существующих программ и поэтому его можно использовать для самостоятельной работы в студенческих научных кружках и при подготовке магистров.
Język:rosyjski
Wydane: Санкт-Петербург, Лань, 2007
Wydanie:9-е изд., стер.
Seria:Учебники для вузов. Специальная литература
Hasła przedmiotowe:
Format: Książka
KOHA link:https://koha.lib.tpu.ru/cgi-bin/koha/opac-detail.pl?biblionumber=243382

MARC

LEADER 00000nam0a2200000 4500
001 243382
005 20231031210437.0
010 |a 9785811400522 
035 |a (RuTPU)RU\TPU\book\264724 
035 |a RU\TPU\book\198980 
035 |a RU\TPU\book\90521 
035 |a RU\TPU\book\169019 
090 |a 243382 
100 |a 20130925d2007 m y0rusy50 ca 
101 0 |a rus 
102 |a RU 
105 |a a j 001zy 
200 1 |a Курс теоретической механики  |e в 2 т.  |h Т. 1: Статика и кинематика; Т. 2: Динамика  |f Н. В. Бутенин, Я. Л. Лунц, Д. Р. Меркин 
205 |a 9-е изд., стер. 
210 |a Санкт-Петербург  |c Лань  |d 2007 
215 |a 730 с.  |c ил. 
225 1 |a Учебники для вузов. Специальная литература 
300 |a Оба тома объединены в одной книге. 
320 |a Предметный указатель: с. 720-729. 
330 |a Предлагаемый читателям «Курс теоретической механики» Н. В. Бутенина, Я. Л. Лунца и Д. Р. Меркина, издававшийся в двух томах, объединен в одной книге. На этом курсе выросло не одно поколение инженеров самых различных специальностей — механиков, машиностроителей, энергомашиностроителей, гидростроителей и др. Весьма умеренный математический аппарат в сочетании со многими методическими примерами и задачами, взятыми из практики, делают этот курс доступным для широкого круга студентов и полезным пособием для преподавателей теоретической механики. Содержание курса шире существующих программ и поэтому его можно использовать для самостоятельной работы в студенческих научных кружках и при подготовке магистров. 
451 1 |0 (RuTPU)RU\TPU\book\90521  |y 5-8114-0052-7  |t Курс теоретической механики  |o в 2 т.  |h Т. 1: Статика и кинематика. Т. 2: Динамика  |f Н. В. Бутенин, Я. Л. Лунц, Д. Р. Меркин  |c СПб.  |n Лань  |d 2004  |p 736 с.  |s Учебники для вузов. Специальная литература  |a Бутенин, Николай Васильевич 
606 1 |a Теоретическая механика  |2 stltpush  |3 (RuTPU)RU\TPU\subj\59441 
610 1 |a статистика 
610 1 |a кинематика 
610 1 |a динамика 
610 1 |a материальная точка 
610 1 |a материальная система 
610 1 |a твердые тела 
610 1 |a аналитическая механика 
610 1 |a колебания 
610 1 |a учебные пособия 
675 |a 531(075.8)  |v 3 
700 1 |a Бутенин  |b Н. В.  |g Николай Васильевич 
701 1 |a Лунц  |b Я. Л.  |g Яков Львович 
701 1 |a Меркин  |b Д. Р.  |g Давид Рахмильевич 
801 1 |a RU  |b 63413507  |c 20100812 
801 2 |a RU  |b 63413507  |c 20131008  |g RCR 
900 |a Теоретическая механика 
942 |c BK 
952 |a 550000 
959 |a 48/20100812  |d 12  |e 498,96  |f АНЛ:1  |f ЧЗТЛ:1  |f Ф_ТПУ_Новокузнецк:10 
959 |a 33/20130212  |d 50  |e 598,00  |f УФ:50